01159nam a2200193Ia 4500001001000000003001000010008004100020040002500061041001300086100001900099245005500118250001100173260008500184300002800269500026200297501011400559520026200673650003000935L220-4029IT-CnALBA170116s9999||||xx |||||||||||||| ||und|| aIT-CnALBAcIT-CnALBA aITALIANO aHEINISCH PAOLO 0aLA SACRA BIBBIA. TEOLOGIA DEL VECCHIO TESTAMENTO.  a1a ed. a TORINO - ROMAbMARIETTI EDITORE c1950 [1° Ed.:1950 - Ed.Ling.Originale: 1950] a448 p. (prefazione: 56) aDIRETTORE GAROFALO SALVATORE. PREFAZIONE DI HEINISH PAOLO. INTRODUZIONE. TEOLOGIA DEL VECCHIO TESTAMENTO E STORIA DELLA RELIGIONE DI ISRAELE. RIVELAZIONE PREMOSAICA. RIVELAZIONE MOSAICA. PROFETICA. VITA RELIGIOSA IN ISRAELE. ESISTENZA DI DIO. PROPRIETÀ E  aSocietà San Paolo EM - Piazza San Paolo, 14 - 12051 ALBA (CN) (non commercial uses only) ® Copyright 2017 aDIRETTORE GAROFALO SALVATORE. PREFAZIONE DI HEINISH PAOLO. INTRODUZIONE. TEOLOGIA DEL VECCHIO TESTAMENTO E STORIA DELLA RELIGIONE DI ISRAELE. RIVELAZIONE PREMOSAICA. RIVELAZIONE MOSAICA. PROFETICA. VITA RELIGIOSA IN ISRAELE. ESISTENZA DI DIO. PROPRIETÀ E  aBIBBIA - TESTI E COMMENTI